000 00450nam a2200169Ia 4500
003 GCL
008 140319s9999 xx 000 0 ara d
040 _aGCL /
_cGCL
082 0 4 _a813.03
_bع ل
100 1 _aعبدالرحمن الخميسى
245 1 0 _aلن نموت /
_cعبدالرحمن الخميسى
490 _a
650 0 4 _aالادب العربى
650 0 4 _aالادب
650 0 4 _aالاداء الصوتى
942 _2ddc
_cBK
999 _c39737
_d39737